Integrace vědy a výroby a intenzifikace ekonomiky
Na minha lista:
| Autor principal: | |
|---|---|
| Formato: | Livro |
| Idioma: | tcheco |
| Publicado em: |
Praha
Univ. Karlova
1987
|
| Edição: | 1. vyd. |
| Colecção: | Acta Universitatis Carolinae
4-1987-26 |
| Tags: |
Sem tags, seja o primeiro a adicionar uma tag!
|
MARC
| LEADER | 00000nam a2200000 4500 | ||
|---|---|---|---|
| 001 | c028994 | ||
| 005 | 20221219102809.2 | ||
| 041 | 0 | |a cze | |
| 044 | |a CZ | ||
| 245 | 1 | 0 | |a Integrace vědy a výroby a intenzifikace ekonomiky |c Josef Makal |
| 250 | |a 1. vyd. | ||
| 264 | 1 | |a Praha |b Univ. Karlova |c 1987 | |
| 300 | |a 113 s. | ||
| 490 | 1 | |a Acta Universitatis Carolinae |v 4-1987-26 | |
| 830 | 0 | |a Acta Universitatis Carolinae |v 4-1987-26 | |
| 100 | 1 | |a Makal, Josef | |